000 00647nam a22002177a 4500
003 UA-OsUOA
001 100496
007 ta
008 20130528b un ||||| |||| 00| 0 ukr d
100 _aІващенко В.
090 _a330(477)
_bИ99
942 _cSA
040 _aUA-OsUOA
_bukr
_cUA-OsUOA
_dUA-OsUOA
245 _aПринципи закондавчого регулювання інноваційного розвитку економіки
300 _aС.53-55
955 _a0
041 _aukr
080 _a330(477)
773 0 _w100493
_tЕкономіст
_dК.
_d2013
_g4
650 7 _a330 Економіка взагалі
_2UDC
999 _c387132
_d387132